¿ No existe derecho a la vida?: controversia en torno a la protección del niño no nacido /

Se trata de una exposición de razones por las cuales, algunos grupos se oponen a la legalización del aborto en Colombia

Enregistré dans:
Détails bibliographiques
Auteur principal: Spaemann, Robert
Format: Texte
Sujets:
Tags: Ajouter un tag
Pas de tags, Soyez le premier à ajouter un tag!

MARC

LEADER 00000 a a2200000 04500
001 12491
003
040
100 |a Spaemann, Robert  
245 |a ¿ No existe derecho a la vida?:   |b controversia en torno a la protección del niño no nacido /  |c Robert Spaemann 
520 |a Se trata de una exposición de razones por las cuales, algunos grupos se oponen a la legalización del aborto en Colombia  
650 |a ABORTO  
650 |a ABORTO LEGAL  
650 |a DERECHOS REPRODUCTIVOS  
650 |a PODER LEGISLATIVO  
650 |a COLOMBIA  
773 |g volumen 2, número 3; páginas 1-22  
999 |c 20736  |d 20736